000
00326nam a2200145Ia 4500
008
210210b1953 xxu||||| |||| 00| 0 eng d
041
_a
eng
082
_a
330/464
100
_a
VON (Mises)
245
_a
Socialism
260
_a
London
_b
Jonathan Cape
_c
1953
650
_a
Socialism
690
_a
Economics
906
_a
003867
999
_c
121241
_d
121241